Score 0/112 Timer 10:00
0 Plays Today
% Correct
and
92.6%
I
88.9%
that
85.2%
that
85.2%
is
85.2%
that
85.2%
that
85.2%
O,
85.2%
that
85.2%
is,
85.2%
That
85.2%
For
81.5%
thou
81.5%
to
81.5%
for
81.5%
thou
81.5%
thou
81.5%
thou
81.5%
For
81.5%
thou
81.5%
thou
81.5%
to
81.5%
to
81.5%
to
81.5%
be
81.5%
thy
81.5%
thy
81.5%
be
81.5%
Be
81.5%
thy
81.5%
to
81.5%
thee
81.5%
for
81.5%
thee
81.5%
love
77.8%
But
77.8%
not
77.8%
may
77.8%
% Correct
my
77.8%
love?
77.8%
love
77.8%
may
77.8%
thine
77.8%
Who
74.1%
any,
74.1%
with
74.1%
should
74.1%
me,
74.1%
live
74.1%
in
74.1%
art
70.4%
art
70.4%
art
70.4%
hate,
70.4%
Which
70.4%
Shall
70.4%
hate
70.4%
as
70.4%
kind,
70.4%
Or
70.4%
beauty
70.4%
or
70.4%
shame,
66.7%
deny
66.7%
so
66.7%
if
66.7%
of
66.7%
so
66.7%
mind!
66.7%
of
66.7%
bear'st
63%
thyself
63%
none
63%
most
63%
murd'rous
63%
'gainst
63%
% Correct
thyself
63%
stick'st
63%
conspire,
63%
repair
63%
chief
63%
desire.
63%
change
63%
change
63%
than
63%
thyself
63%
at
63%
least
63%
prove.
63%
still
63%
wilt,
59.3%
many,
59.3%
lov'st
59.3%
evident;
59.3%
roof
59.3%
ruinate,
59.3%
gentle
59.3%
gracious
59.3%
kind-hearted
59.3%
unprovident!
55.6%
thought,
55.6%
fairer
55.6%
lodged
55.6%
Make
55.6%
another
55.6%
beloved
51.9%
self
51.9%
possessed
48.1%
Seeking
48.1%
presence
48.1%
Grant
44.4%
beauteous
44.4%
Remove Ads.
Support Sporcle.
Get the best of Sporcle when you Go Orange. This ad-free experience offers more features, more stats, and more fun while also helping to support Sporcle. Thank you for becoming a member.

You're not logged in!

Compare scores with friends on all Sporcle quizzes.
OR
Log In

Show Comments

Extras

Top Quizzes Today


Score Distribution

Your Account Isn't Verified!

In order to create a playlist on Sporcle, you need to verify the email address you used during registration. Go to your Sporcle Settings to finish the process.

Report this User

Report this user for behavior that violates our Community Guidelines.

Details: